000 00418nam a2200181Ia 4500
005 20240823022703.0
008 240823s9999||||xx |||||||||||||| ||und||
041 _aENGLISH
082 _A530 K5
100 _aMandal T M
245 0 _aGeneral Physics
250 _a15th
260 _c1965
_b"Science Book agency,Calcutta"
500 _aTRANSFERED
650 _aPhysics
_bPhysics
942 _cBK
999 _c179760
_d179760